000 00884cab a2200277 4500
001 ABS57274
008 090401t1997 xxu||||| |||| 00| 0 eng d
035 _a(Sirsi) u79752
041 _aeng
245 _aMoney talks
260 _c1997
350 _a0
490 _aEstates Gazette
_v(9728) 12 July 1997, 132-135(3)
520 _aExplains the main economic variables that influence the UK economy, such as GDP, inflation, monetary policy, fiscal policy, international trade and the exchange rate. Outlines the factors taken into account when government decisions are made.
650 _aECONOMY
650 _aEXCHANGE RATE
650 _aFISCAL POLICY
650 _aGDP
650 _aGOVERNMENT POLICY
650 _aINFLATION
650 _aINTERNATIONAL TRADE
650 _aMONETARY POLICY
690 _aECONOMIC AND SOCIAL
942 _n0
948 _c21/07/1997
999 _c50171
_d50171